00398nam a2200121Ia 45000010005000000080041000050820022000461000101000682450041001692600024002109010027002349990015002614105241024s9999 xx 000 0 und d aRD/334/C778c/2016 aRepública Dominicana. Cooperativa Nacional de Servicios Múltiples de los Maestros (COOPNAMA) 0aConstribuyendo con el balance social bSanto Domingoc2016 a27/6/2016 9:37:34 a.m. c9670d9670